000 00592nam a2200145Ia 4500
008 100122s9999 xx 000 0 und d
082 _b71917
_a394
100 _aकुलकर्णी शौनक
245 _aसंस्कृती निसर्ग आणि जीवनशैली
260 _bडायमंड पब्लिकेशन्स
_c2007
300 _a119
630 _aसंस्कृती निसर्ग आणि जीवनशैली
730 _aसंस्कृती निसर्ग आणि जीवनशैली
942 _cBOOK
999 _c442354
_d442351